Servei contra incendis i de salvaments de Catalunya : Memòria : [1980?] / Generalitat de Catalunya. Direcció General de Prevenció i Extinció d'Incendis i de Salvaments de Catalunya Memòria :
Descripción Física:
234, [228], 84 p. ; 29 cm
Materias:
Incendis -- Prevenció -- Catalunya
MARC
| LEADER | 00000nam a2200000Ia 4500 | ||
|---|---|---|---|
| 001 | 1341 | ||
| 008 | 160829s9999 xx 000 0 cat d | ||
| 080 | |a C-2-45 | ||
| 110 | 1 | |a Catalunya. |b Direcció General de Prevenció i Extinció d'Incendis i de Salvaments |9 56433 | |
| 245 | |a Servei contra incendis i de salvaments de Catalunya : |b Memòria : |b [1980?] / Generalitat de Catalunya. Direcció General de Prevenció i Extinció d'Incendis i de Salvaments de Catalunya | ||
| 260 | |a [Barcelona : |b la Direcció General], [198 - ?] | ||
| 300 | |a 234, [228], 84 p. ; |c 29 cm | ||
| 650 | |a Incendis |x Prevenció |x Catalunya |9 21059 | ||
| 901 | |a Arxiu | ||
| 942 | |n 1 | ||
| 952 | |0 0 |1 0 |4 0 |6 C245 |7 1 |9 41782 |a Arxiu |b Arxiu |d 2016-12-01 |l 0 |o C-2-45 |p 1341 |r 2016-12-01 00:00:00 |w 2016-12-01 |y ARXIU | ||
| 999 | |c 43673 |d 43673 | ||